00410nam a2200157Ia 4500003000400000008004100004040001600045082001300061100002200074245005100096260003400147300001000181490002400191650001500215650002200230GCL140319s9999 xx 000 0 eng d aGCL / cGCL04a843bB R1 aDE BALZAC, HONORE10aLA RECHERCHE DE L'ABSOLU / cDE BALZAC, HONORE a[S.N] : bGALLIMARD ، c1993 a373 P aCOLLECTION FOLIOv004aLITERATURE04aFRENCH LITERATURE